[Event "Bhubaneswar op-A 14th"]
[Site "Bhubaneswar"]
[Date "2023.06.14"]
[Round "5"]
[White "Rupam, Mukherjee"]
[Black "Banik, Hrishikesh Kumar"]
[Result "1-0"]
[WhiteElo "1736"]
[BlackElo "1520"]
[PlyCount "143"]
[EventDate "2023.06.11"]
[EventType "swiss"]
[EventRounds "10"]
[EventCountry "IND"]
[SourceTitle "CBM 214 Extra"]
[Source "ChessBase"]
[SourceDate "2023.07.31"]
[SourceVersion "1"]
[SourceVersionDate "2023.07.31"]
[SourceQuality "1"]

1. Nf3 d5 2. g3 e6 3. Bg2 Nf6 4. 0-0 Be7 5. c4 0-0 6. b3 c5 7. cxd5 exd5 8. d4 Nc6 9. Bb2 Ne4 10. dxc5 Bxc5 11. Nc3 Nxc3 12. Bxc3 d4 13. Bb2 Bf5 14. b4 Nxb4 15. Bxd4 Bb6 16. Bxb6 Qxb6 17. Qc1 Nc6 18. Qf4 Bg6 19. Rac1 Rfe8 20. e3 Re4 21. Qd6 Rd8 22. Qc5 Ra4 23. Qxb6 axb6 24. Nh4 Rxa2 25. Nxg6 hxg6 26. Rb1 Ra6 27. Rb2 Na5 28. Rc1 Rd6 29. Bf1 Ra8 30. Rcb1 Kf8 31. Rxb6 Rxb6 32. Rxb6 Ke7 33. Bg2 Kd7 34. Bd5 Kc7 35. Rb5 f6 36. h4 Nc6 37. Be4 f5 38. Bd5 Rd8 39. Kg2 b6 40. Bf3 Rd2 41. h5 gxh5 42. Rxf5 g6 43. Rb5 Ne7 44. Be4 Ra2 45. Kf3 Ra5 46. Rb2 g5 47. Kg2 Re5 48. Bf3 g4 49. Be2 Kc6 50. Bc4 Rc5 51. Bf7 b5 52. e4 Re5 53. Be8+ Kb6 54. f4 gxf3+ 55. Kxf3 Rg5 56. Rh2 Rg8 57. Bxh5 b4 58. g4 Nc6 59. Kf4 Kc5 60. e5 Rf8+ 61. Ke4 b3 62. g5 Kb4 63. Kd5 Rf5 64. Kxc6 Rxe5 65. Rg2 Kc3 66. Kd6 Ra5 67. Bf3 Ra6+ 68. Ke5 b2 69. Be4 Ra1 70. Rc2+ Kb3 71. Rc7 Re1 72. Rb7+ 1-0

[Event "IND-ch U16"]
[Site "New Delhi"]
[Date "2022.03.04"]
[Round "1"]
[White "Mayank, Chakraborty"]
[Black "Banik, Hrishikesh Kumar"]
[Result "1-0"]
[WhiteElo "2164"]
[BlackElo "1277"]
[PlyCount "81"]
[EventDate "2022.03.04"]
[EventType "swiss"]
[EventRounds "9"]
[EventCountry "IND"]
[SourceTitle "CBM 207 Extra"]
[Source "ChessBase"]
[SourceDate "2022.05.31"]
[SourceVersion "1"]
[SourceVersionDate "2022.05.31"]
[SourceQuality "1"]

1. e4 e5 2. Nf3 Nc6 3. Bb5 a6 4. Ba4 Nf6 5. 0-0 Be7 6. Re1 b5 7. Bb3 d6 8. c3 0-0 9. h3 Na5 10. Bc2 c5 11. d4 Qc7 12. Nbd2 cxd4 13. cxd4 Nc6 14. Nb3 a5 15. Be3 Nb4 16. Bb1 a4 17. Nbd2 Bd7 18. a3 Na6 19. Bd3 Rfc8 20. Rc1 Qb8 21. Rxc8+ Bxc8 22. Qe2 Ne8 23. Nf1 f6 24. Ng3 Qb7 25. Nh2 Nec7 26. h4 Ne6 27. Nf5 Bf8 28. h5 g6 29. hxg6 hxg6 30. Ng4 Kf7 31. Ngh6+ Ke8 32. Qg4 gxf5 33. Qg6+ Kd8 34. Qxf6+ Be7 35. Nf7+ Ke8 36. Qg6 Qb8 37. Nxd6+ Kd8 38. Nf7+ Ke8 39. Nxe5+ Kd8 40. Qg8+ Nf8 41. Bg5 1-0